The decline and fall of Virgil in eighteenth-century Germany : the repressed muse /

Bibliographic Details
Main Author: Atherton, Geoffrey, 1965-
Format: Book
Language:English
Published: Rochester, NY : Camden House, 2006.
Series:Studies in German literature, linguistics, and culture (Unnumbered)
Subjects:
Online Access:Table of contents

MARC

Tag First Indicator Second Indicator Subfields
LEADER 00000cam a22000004a 4500
001 in00002115366
005 20151103052430.0
008 050808s2006 nyu b 001 0 eng
010 |a  2005022909 
020 |a 1571133062 (hardcover : alk. paper) 
035 |a (OCoLC)ocm61240639 
040 |a DLC  |c DLC  |d YDX  |d BAKER  |d IXA  |d UtOrBLW 
042 |a pcc 
043 |a e-gx--- 
049 |a TXAM 
050 0 0 |a PT295  |b .A75 2006 
082 0 0 |a 830.9/351  |2 22 
100 1 |a Atherton, Geoffrey,  |d 1965- 
245 1 4 |a The decline and fall of Virgil in eighteenth-century Germany :  |b the repressed muse /  |c Geoffrey Atherton. 
264 1 |a Rochester, NY :  |b Camden House,  |c 2006. 
300 |a xx, 312 pages ;  |c 24 cm. 
336 |a text  |b txt  |2 rdacontent 
337 |a unmediated  |b n  |2 rdamedia 
338 |a volume  |b nc  |2 rdacarrier 
490 1 |a Studies in German literature, linguistics, and culture 
504 |a Includes bibliographical references (pages [289]-306) and index. 
505 0 |a Virgil: a Pentheus to the Germans in the eighteenth century? -- Virgil both read and unread -- Virgil the Rhapsode -- Theorizing genre: from pastoral to idyll -- The German idyll and the Virgilian muse. 
650 0 |a German literature  |y 18th century  |x History and criticism. 
600 0 0 |a Virgil  |x Influence. 
600 0 0 |a Virgil  |x Appreciation  |z Germany. 
650 0 |a Aesthetics, German  |y 18th century. 
830 0 |a Studies in German literature, linguistics, and culture (Unnumbered) 
856 4 1 |3 Table of contents  |u http://www.loc.gov/catdir/toc/ecip0517/2005022909.html  |t 0 
938 |a Baker & Taylor  |b BKTY  |c 75.00  |d 75.00  |i 1571133062  |n 0006485278  |s active 
945 |i PromptCat 
947 |a A14832743704 
948 |a cataloged  |b h  |c 2006/3/24  |d c  |e rdavis  |f 12:57:25 pm 
994 |a 92  |b TXA 
999 |a MARS 
999 f f |s c2d4b8db-a26b-31a9-9fe1-9888fdde888d  |i 90cef605-071a-3f11-924b-37d62ea7ff99  |t 0 
952 f f |p normal  |a Texas A&M University  |b College Station  |c Sterling C. Evans Library  |d Evans: Library Stacks  |t 0  |e PT295 .A75 2006  |h Library of Congress classification  |i unmediated -- volume  |m A14832743704 
998 f f |a PT295 .A75 2006  |t 0  |l Evans: Library Stacks